Doctor Who - Episodes S9 - Statistiques

Statistiques générales
  • Ce quiz a été pris 16 fois
  • Le résultat moyen est 10 sur 14
Statistiques - réponses
Episodes Titres % Correct
11 Descente au paradis
93%
12 Montée en enfer
93%
5 La Fin d'une vie
87%
10 Le Corbeau
87%
6 Une vie sans fin
87%
3 Au fond du lac
73%
2 La Sorcière et son pantin
67%
1 Le Magicien et son disciple
67%
Episode Spécial Noël Les Maris de River Song
67%
7 Vérité ou Conséquences - 1ère partie
67%
8 Vérité ou Conséquences - 2ème partie
67%
4 Avant l'innodation
60%
Episode Spécial Noël Douce nuit
60%
9 Dans les bras de Morphée
53%
Aucun quiz correspondant
Distribution des résultats
% des personnes avec chaque résultat
Percentile par nombre de réponses
Votre historique - résultats
Vous n’avez pas pris ce quiz